000 00791nam a2200265Ia 4500
003 OSt
005 20220925234309.0
006 a|||||r|||| 00| 0
007 ta
008 220923b |||||||| |||| 00| 0 eng d
020 _a9789351392446
_c845.75
037 _b20355(E), 17/03/2015, Aryan Books
_cGeneral Book
040 _aRTL
_cRTL
_beng
041 _2eng
_aeng
082 _aX729, Q5
100 _aMAHURE Pritam
_9299902
245 0 _aBHARAT'S SERVICE tax ready recckoner.
250 _a18th
260 _a New Delhi
_bBharat Law House
_c2015
300 _avarious pagination
_ccm.
500 _aBibliography: P 325-335
650 _aCommerce
942 _hX729, Q5
_cGB
_2CC
999 _c595333
_d595333